000 00823cab a2200253 4500
001 ABS49121
008 090401t1993 xxu||||| |||| 00| 0 eng d
035 _a(Sirsi) u70098
041 _aeng
100 _aBeare, M.
245 _aMore than just a face lift - structural considerations in refurbishment projects
260 _c1993
350 _a0
490 _aASI Journal
_v5(2) July 1993, 13-15(3)
520 _aAnticipating a trend towards refurbishment of existing buildings, warns of the structural failures encountered in aging commercial properties and suggests appropriate remedial measures.
650 _aCONCRETE FRAMES
650 _aCORROSION
650 _aREINFORCED CONCRETE
650 _aRUST
650 _aSTEEL FRAMES
690 _aRefurbishment
_96264
942 _n0
948 _c04/03/1997
999 _c44098
_d44098